000 01466cam a22003737a 4500
003 CHAP
005 20220329134241.0
008 971013s1990 r 00010 d
010 _a17589
011 _a18561
035 _a22646
040 _cCHAP
082 _a581.634
_bC45
110 _aChiapas. Gobierno del Estado
_922246
245 1 3 _aLa herbolaria médica Tzeltal-Tzotzil en los Altos de Chiapas
_b: un ensayo preliminar sobre las cincuentas especies botánicas de uso más frecuente
260 _aTuxtla Gutiérrez, Chis. :
_bPrograma de Colaboración sobre Medicina Indígena Tradicional y Herbolaria,
_c1990
300 _a213 p.
_b: ilus.
490 0 _aSerie nuestros pueblos
_v; 1
590 _aBATCH-UPD
_b10
_c20130110
_lUCH01
_h0024
590 _aBATCH-UPD
_b10
_c20130110
_lUCH01
_h0905
590 _aBATCH-UPD
_b10
_c20130410
_lUCH01
_h0532
590 _aBATCH-UPD
_b10
_c20130914
_lUCH01
_h0729
590 _aCONVERSION
_b10
_c20130109
_lUCH01
_h1311
650 1 4 _aBotánica médica.
_914680
650 1 4 _aBotánica
_zChiapas.
_914639
650 1 4 _aIndios de Chiapas
_xMedicina.
_957598
650 1 4 _aIndios de México
_xMedicina.
_957633
830 0 _aSerie nuestros pueblos
_v; 1
_9104980
901 _aBK
942 _cLIBRO
949 _a581.634 C45
_bBC
_cC
_d33724000524500
_eC
_h87143
_i22646
_mD
_sb
949 _a581.634 C45
_bBC
_cC
_d33724002175785
_eC
_fc.3
_h112729
_i22646
_sb
949 _a581.634 C45
_bBC
_cC
_d33724002175827
_eC
_fc.2
_h112728
_i22646
_sb
999 _c17589
_d17589